[Event "Pasci srpen"]
[Site "?"]
[Date "2022.08.06"]
[Round "1"]
[White "Vyskocil, Neklan"]
[Black "Rousar, Zdenek"]
[Result "1-0"]
[WhiteElo "2106"]
[BlackElo "1710"]
[PlyCount "45"]
[EventDate "2022.??.??"]

{[%evp 0,45,19,31,68,48,60,50,47,29,29,31,46,53,70,3,44,54,78,74,150,175,215,
203,221,164,145,107,137,95,244,133,164,98,131,135,129,129,311,285,280,270,495,
304,294,313,336,346]} 1. e4 c6 2. d4 d5 3. Nd2 dxe4 4. Nxe4 Nf6 5. Nxf6+ gxf6
6. Nf3 Bf5 7. g3 e6 8. Bg2 Bd6 9. O-O h5 10. Nh4 Bg6 11. Re1 Qd7 12. f4 O-O 13.
f5 exf5 14. Qf3 Kg7 15. Rf1 Na6 16. c3 Rae8 17. Bd2 Nc7 18. Bh3 Re7 19. Nxf5+
Bxf5 20. Bxf5 Ne6 21. Qxh5 Rh8 22. Qf3 Qc7 23. Rae1 {Černý překročil čas.}
1-0

[Event "Pasci srpen"]
[Site "?"]
[Date "2022.08.06"]
[Round "4"]
[White "Svanda, Pavel"]
[Black "Broz, Jan"]
[Result "0-1"]
[WhiteElo "2087"]
[BlackElo "1398"]
[PlyCount "65"]
[EventDate "2022.??.??"]

{[%evp 0,65,19,21,72,65,59,25,41,31,68,19,39,30,33,27,0,20,5,-1,-2,-10,5,-27,
-2,-11,37,-13,20,27,7,-9,68,2,14,0,61,24,82,102,94,94,106,106,106,96,83,22,126,
85,141,107,96,96,93,101,370,283,331,245,317,308,542,286,317,284,606,445]} 1. e4
c6 2. Nf3 d5 3. Nc3 dxe4 4. Nxe4 Bf5 5. d3 Nd7 6. Bf4 e6 7. Ng3 Bg6 8. h4 h6 9.
Qd2 Ngf6 10. O-O-O Nd5 11. Ne4 Nxf4 12. Qxf4 Nf6 13. Nxf6+ gxf6 14. h5 Bh7 15.
Nd2 Bd6 16. Qf3 Qa5 17. Kb1 O-O-O 18. Nc4 Qf5 19. Nxd6+ Rxd6 20. Qe3 Qg5 21.
Qxa7 Rhd8 22. g3 Rd5 23. Qa3 Kc7 24. Be2 Ra5 25. Qc3 Rda8 26. a3 Qb5 27. Kc1 c5
28. Rh4 f5 29. Bf1 b6 30. d4 c4 {(Černý zahrál nemožný tah cxd4 a bílý
mu to odpustil)} 31. Bxc4 Qc6 32. Qb3 b5 33. Be2 {a bílý překročil čas.}
0-1

[Event "Pasci srpen"]
[Site "?"]
[Date "2022.08.06"]
[Round "2"]
[White "Fencl, Vaclav"]
[Black "Vyskocil, Neklan"]
[Result "0-1"]
[WhiteElo "1793"]
[BlackElo "2106"]
[PlyCount "66"]
[EventDate "2022.??.??"]

{[%evp 0,66,37,37,46,47,14,12,72,73,73,44,51,37,41,41,72,26,24,24,19,8,3,16,7,
-2,3,2,-12,-23,-7,-102,-96,-86,-78,-127,-122,-148,-104,-118,-106,-129,-94,-112,
-124,-155,-166,-189,-189,-174,-174,-291,-302,-308,-144,-145,-141,-261,-268,
-285,-179,-193,-204,-301,-286,-311,-335,-29999,-30000]} 1. e4 c5 2. d4 cxd4 3.
c3 d3 4. Bxd3 Nc6 5. c4 g6 6. Nc3 d6 7. Nf3 Bg4 8. h3 Bxf3 9. Qxf3 Bg7 10. O-O
Nf6 11. Be3 O-O 12. Qe2 Nd7 13. Rad1 Rc8 14. f3 Qa5 15. a3 Bxc3 16. bxc3 Qxc3
17. Bh6 Rfe8 18. Bb1 Nd4 19. Qf2 Nc6 20. Rd3 Qxc4 21. Qb2 Qc5+ {(Zde bílý
nereagoval na šach, černý reklamoval. Bílý se chtěl vzdát, ale soupeř
mu ukázal, že dámu, které se dotkl, může představit na f2)} 22. Qf2
Qxf2+ 23. Kxf2 Nce5 24. Rb3 Nc5 25. Rb5 a6 26. Rb6 Rc6 27. Rxc6 bxc6 28. f4 Nc4
29. f5 Ne5 30. fxg6 hxg6 31. g4 Rb8 32. Kg3 Rb3+ 33. Kf4 Ne6# 0-1

[Event "Pasci srpen"]
[Site "?"]
[Date "2022.08.06"]
[Round "3"]
[White "Bures, Vit"]
[Black "Nezval, Filip"]
[Result "1/2-1/2"]
[WhiteElo "2079"]
[BlackElo "1937"]
[PlyCount "64"]
[EventDate "2022.??.??"]

{[%evp 0,64,37,35,19,-23,-10,-10,-2,-11,-11,0,22,27,47,44,44,44,45,53,50,39,62,
57,66,58,45,54,29,17,18,10,35,4,21,11,19,19,10,17,20,7,0,8,14,-16,-6,0,0,0,0,0,
0,-32,0,0,0,-7,0,0,0,-73,0,0,0,-4,-4]} 1. d4 d5 2. c4 e6 3. Nc3 Nf6 4. cxd5
exd5 5. Bg5 Be7 6. e3 Nbd7 7. Bd3 c6 8. Nf3 O-O 9. O-O Re8 10. Qc2 Nf8 11. h3
Ng6 12. Ne5 Nd7 13. Bxe7 Qxe7 14. Nxg6 hxg6 15. a3 a5 16. Rae1 Nf6 17. e4 dxe4
18. Nxe4 Nxe4 19. Rxe4 Qd8 20. Rfe1 Rxe4 21. Rxe4 Bf5 22. Rf4 Bxd3 23. Qxd3 Qd5
24. Re4 Rd8 25. Qe3 b5 26. Rf4 a4 27. Re4 Qd7 28. Qc3 Qd5 29. Qe3 Qd7 30. Qf4
Qd5 31. Qe3 Qd7 32. Qc3 Qd5 1/2-1/2

[Event "Pasci srpen"]
[Site "?"]
[Date "2022.08.06"]
[Round "5"]
[White "Messerschmidt, Stanislav"]
[Black "Urbanec, Ladislav"]
[Result "0-1"]
[WhiteElo "1790"]
[BlackElo "2053"]
[PlyCount "67"]
[EventDate "2022.??.??"]

{[%evp 0,67,37,19,34,-2,-2,-2,4,-17,10,-3,24,-24,-40,-33,-32,-32,-32,-48,-58,
-58,-15,-21,-43,-29,-28,-49,-50,-45,-46,-58,-47,-87,-87,-80,-65,-67,-46,-58,
-52,-64,-73,-69,-69,-68,-23,-47,-67,-160,-135,-187,-29,-22,-48,-106,-109,-115,
-106,-115,-115,-118,-117,-138,-113,-120,-109,-119,-119,-116]} 1. d4 Nf6 2. c4
e6 3. Nc3 Bb4 4. Qc2 c5 5. a3 Qa5 6. dxc5 Bxc3+ 7. Qxc3 Qxc3+ 8. bxc3 Na6 9.
Be3 Ng4 10. Bd4 e5 11. h3 exd4 12. hxg4 dxc3 13. Rc1 Nxc5 14. Rxc3 d6 15. Rch3
h6 16. Re3+ Be6 17. g5 Kd7 18. gxh6 Rxh6 19. Rxh6 gxh6 20. g3 Bxc4 21. Nf3 Be6
22. Nd4 Na4 23. f4 Rc8 24. f5 Bd5 25. f6 Re8 26. Rxe8 Kxe8 27. Nf5 Kd7 28. Nxh6
Ke6 29. Ng8 Nc3 30. Bh3+ Ke5 31. g4 Ne4 32. Bg2 Nxf6 33. Bxd5 Nxd5 34. Nh6 {
a bílý překročil čas. Dlouho pak spolu partii analýzovali, až Láďa
uznal, že by to asi byla plichta.} 0-1

[Event "Pasci srpen"]
[Site "?"]
[Date "2022.08.06"]
[Round "6"]
[White "Zaza, Martin"]
[Black "Zeman, Arnost"]
[Result "1-0"]
[WhiteElo "1656"]
[BlackElo "1703"]
[PlyCount "31"]
[EventDate "2022.??.??"]

{[%evp 0,31,36,14,54,56,100,59,94,58,44,38,20,35,35,20,91,38,75,6,45,33,56,58,
56,44,103,47,81,78,154,126,29991,29992]} 1. e4 c5 2. Nf3 g6 3. d4 cxd4 4. Qxd4
Nf6 5. e5 Nc6 6. Qa4 Nd5 7. Qe4 Nc7 8. Bf4 Ne6 9. Bg3 Bg7 10. Nc3 Qa5 11. O-O-O
O-O 12. Kb1 a6 13. h4 h5 14. Bc4 Nc5 15. Qxg6 Qb4 16. Ng5 1-0

[Event "Pasci srpen"]
[Site "?"]
[Date "2022.08.06"]
[Round "7"]
[White "Kucera, David"]
[Black "Svanda, Pavel"]
[Result "1/2-1/2"]
[WhiteElo "1670"]
[BlackElo "2087"]
[PlyCount "75"]
[EventDate "2022.??.??"]

{[%evp 0,75,19,13,13,-10,23,34,24,7,40,45,62,46,47,44,35,50,47,46,45,45,36,43,
52,64,61,61,61,35,33,-15,22,-2,21,-1,31,-14,18,16,24,-27,9,15,18,22,24,32,32,
-1,-6,-8,7,0,17,-18,7,-3,15,-8,-6,-1,-10,-49,-45,-44,-47,-50,-57,-56,-56,-59,
-61,-61,-61,-61,-61,-61]} 1. d4 d5 2. c4 dxc4 3. Nf3 Nf6 4. e3 e6 5. Bxc4 c5 6.
O-O Nc6 7. dxc5 Qxd1 8. Rxd1 Bxc5 9. a3 a6 10. b4 Be7 11. Bb2 b6 12. Nc3 Bb7
13. Rac1 O-O 14. Ne2 Rfd8 15. Ned4 Nxd4 16. Bxd4 b5 17. Be2 Rdc8 18. Bb6 Nd5
19. Bd4 f6 20. Bb2 Kf7 21. Nd4 g6 22. Nb3 Rxc1 23. Rxc1 Rc8 24. Rxc8 Bxc8 25.
Bf3 Bb7 26. Kf1 Bd6 27. Bd4 e5 28. Bc5 Bc7 29. Na5 Bxa5 30. bxa5 Ke6 31. Bxd5+
{(R)} Kxd5 32. Bb4 f5 33. g3 Kc4 34. Ke2 Kb3 35. f4 e4 36. Bc5 Kc2 37. Bb4 Bd5
38. Kf2 1/2-1/2

[Event "Pasci srpen"]
[Site "?"]
[Date "2022.08.06"]
[Round "8"]
[White "Bures, Vit"]
[Black "Zaza, Martin"]
[Result "0-1"]
[WhiteElo "2079"]
[BlackElo "1656"]
[PlyCount "60"]
[EventDate "2022.??.??"]

{[%evp 0,60,13,13,19,-2,-2,0,4,11,26,22,42,23,23,22,23,27,27,41,40,20,32,39,36,
21,49,32,127,156,118,111,116,90,81,62,124,67,124,120,126,-184,107,106,104,111,
88,25,58,39,49,55,55,41,32,32,32,32,32,-100,-103,-107,-100]} 1. d4 Nf6 2. c4 e6
3. Nc3 Bb4 4. e3 c5 5. Nge2 Nc6 6. a3 Bxc3+ 7. Nxc3 cxd4 8. exd4 d5 9. c5 O-O
10. Bb5 Bd7 11. O-O b6 12. b4 bxc5 13. bxc5 Rb8 14. Bf4 Ra8 15. Bd6 Re8 16. Qa4
Qc8 17. Ba6 Qd8 18. Nb5 Nb8 19. Bb7 a6 20. Rfb1 Bxb5 21. Rxb5 axb5 22. Qxa8 Ne4
23. Bc6 Nxc6 24. Qxc6 Qa8 25. Qxb5 Nxd6 26. cxd6 Rb8 27. Qc5 Rc8 28. Qb4 Rb8
29. Qd2 Qxa3 30. Rc1 Qxd6 {a po dalších chybách bílého černý vyhrál.}
0-1

[Event "Pasci srpen"]
[Site "?"]
[Date "2022.08.06"]
[Round "9"]
[White "Eichler, Bretislav"]
[Black "Svanda, Pavel"]
[Result "0-1"]
[WhiteElo "1674"]
[BlackElo "2087"]
[PlyCount "89"]
[EventDate "2022.??.??"]

{[%evp 0,89,14,13,13,23,37,29,25,31,26,9,13,1,-10,-19,-16,-5,-12,-18,17,8,50,
49,54,50,45,39,43,26,65,13,54,13,75,58,82,55,88,37,39,35,24,10,35,42,44,1,-14,
-201,-223,-257,-272,-274,-205,-199,-195,-290,-286,-363,-310,-330,-295,-303,
-272,-306,-306,-291,-316,-350,-320,-359,-318,-359,-320,-321,-323,-466,-483,
-483,-498,-477,-341,-343,-334,-386,-332,-351,-293,-316,-248,-373]} 1. d4 d5 2.
Nf3 Nf6 3. Bf4 e6 4. e3 Bd6 5. Bxd6 Qxd6 6. Qd3 O-O 7. Nbd2 b6 8. e4 dxe4 9.
Nxe4 Nxe4 10. Qxe4 Qc6 11. Bd3 Qxe4+ 12. Bxe4 c6 13. O-O Bb7 14. Nd2 h6 15. Nc4
Rd8 16. c3 Na6 17. a4 Nc7 18. a5 b5 19. Ne3 a6 20. b4 Nd5 21. Nd1 f6 22. Re1
Re8 23. Ra3 e5 24. Bd3 exd4 25. Rxe8+ Rxe8 26. Kf1 dxc3 27. Nxc3 Nxb4 28. Bb1
c5 29. Ne2 c4 30. f3 Bd5 31. Kf2 Bf7 32. Nf4 Rd8 33. Re3 g5 34. Ne2 Nd5 35. Ra3
b4 36. Ra1 b3 37. Be4 Nb4 38. Rc1 Nd3+ 39. Bxd3 Rxd3 40. Ke1 Rd8 41. Nc3 Rb8
42. Rb1 Kf8 43. Kd2 Ke7 44. Kc1 Kd7 45. Na4 {a černý vyhrál, dal mat Vd3.}
0-1

[Event "Pasci srpen"]
[Site "?"]
[Date "2022.08.06"]
[Round "11"]
[White "Zeman, Arnost"]
[Black "Svobodova, Michaela"]
[Result "0-1"]
[WhiteElo "1703"]
[BlackElo "1905"]
[PlyCount "52"]
[EventDate "2022.??.??"]

{[%evp 0,52,23,13,13,15,29,22,46,25,70,35,20,1,8,8,8,-19,17,5,23,16,21,21,7,7,
13,8,76,-12,11,5,10,37,44,-8,0,-1,0,-121,-63,-154,-135,-151,-153,-147,-90,-204,
-180,-346,-347,-322,-169,-668,-671]} 1. d4 d5 2. Nf3 Nf6 3. Bf4 c5 4. e3 Nc6 5.
c3 Qb6 6. Qb3 c4 7. Qxb6 axb6 8. a3 b5 9. Nbd2 b4 10. cxb4 Nxb4 11. Rc1 Nc6 12.
Be2 Bf5 13. Nh4 e6 14. Bg5 Be7 15. Nxf5 exf5 16. Bxf6 Bxf6 17. g3 O-O 18. h4
Rfe8 19. O-O Nxd4 20. Bd1 Nc6 21. Rc2 b5 22. Bf3 Rad8 23. Re1 Ne5 24. Be2 d4
25. exd4 Rxd4 26. Nf3 Nxf3+ 0-1

[Event "Pasci srpen"]
[Site "?"]
[Date "2022.08.06"]
[Round "12"]
[White "Rousar, Zdenek"]
[Black "Svobodova, Michaela"]
[Result "1-0"]
[WhiteElo "1710"]
[BlackElo "1905"]
[PlyCount "77"]
[EventDate "2022.??.??"]

{[%evp 0,77,15,25,56,-7,-7,-26,-20,-23,22,20,56,56,79,-34,22,2,-21,-21,63,-17,
-9,-30,-28,-38,-38,-19,-18,-18,-49,-9,-25,-66,-59,-97,-27,-71,-55,-79,-20,-16,
-19,-14,-20,-24,23,24,27,19,17,-1,15,-20,4,-26,-39,-83,-25,-37,-35,-31,73,-23,
-18,-18,0,0,25,-57,86,88,94,-11,-15,-20,-22,-30,-3,-22]} 1. e4 c5 2. c3 d5 3.
exd5 Qxd5 4. d4 cxd4 5. cxd4 Nc6 6. Nf3 e5 7. Nxe5 Nxe5 8. dxe5 Qxe5+ 9. Be2
Bd6 10. Nc3 Nf6 11. Nb5 Bb4+ 12. Bd2 Bxd2+ 13. Qxd2 O-O 14. O-O Bd7 15. Nc3 Bc6
16. Rfe1 Rad8 17. Bd3 Qh5 18. Qc2 Qg4 19. Bf1 h5 20. h3 Qg5 21. Rad1 Rxd1 22.
Rxd1 h4 23. Qd2 Qxd2 24. Rxd2 Re8 25. Bc4 g5 26. a4 Kg7 27. Bb5 Bxb5 28. Nxb5
a6 29. Nd6 Re1+ 30. Kh2 Nh5 31. Nf5+ Kg6 32. Ne3 Nf4 33. Rd6+ f6 34. Ng4 Re2
35. Rxf6+ Kg7 36. Rd6 Rxb2 37. Rd7+ Kg6 38. Rd6+ Kg7 39. a5 {a po dalších
tazích černá prohrála na nemožný tah.} 1-0

[Event "Pasci srpen"]
[Site "?"]
[Date "2022.08.06"]
[Round "13"]
[White "Vojtek, Pavel"]
[Black "Fencl, Vaclav"]
[Result "1-0"]
[WhiteElo "1711"]
[BlackElo "1793"]
[PlyCount "57"]
[EventDate "2022.??.??"]

{[%evp 0,57,15,-11,-2,-33,12,6,10,5,17,-22,2,7,13,8,13,8,8,8,5,8,20,-31,-7,
-123,-140,-109,-109,-84,-83,-87,-87,-85,-29,-93,14,23,23,13,13,-43,-38,-43,-13,
-22,3,0,0,0,0,-9,226,232,230,209,182,142,163,112]} 1. c4 Nf6 2. g3 g6 3. Bg2
Bg7 4. Nc3 O-O 5. e3 c5 6. Nge2 Nc6 7. O-O Ne5 8. b3 Nd3 9. Qc2 Nb4 10. Qd1 d5
11. cxd5 Nfxd5 12. d4 Nxc3 13. Nxc3 cxd4 14. exd4 Qxd4 15. Qxd4 Bxd4 16. Bd2 e5
17. a3 Nc2 18. Ra2 Bxc3 19. Bxc3 Nd4 20. Bxd4 exd4 21. Rd1 Be6 22. Rxd4 Bxb3
23. Rb2 Be6 24. Rxb7 a5 25. Rb5 a4 26. Bxa8 Rxa8 27. Rbb4 Bb3 28. Kg2 Kg7 29.
Kf3 {a po mnoha dalších tazích vyhrál bílý koncovku K+D proti K+pěšci
f,g,h.} 1-0

[Event "Pasci srpen"]
[Site "?"]
[Date "2022.08.06"]
[Round "14"]
[White "Fencl, Vaclav"]
[Black "Svobodova, Michaela"]
[Result "0-1"]
[WhiteElo "1793"]
[BlackElo "1905"]
[PlyCount "20"]
[EventDate "2022.??.??"]

{[%evp 0,20,15,6,56,29,25,15,54,21,21,21,31,11,34,12,43,31,58,-676,-658,-29999,
-30000]} 1. e4 c5 2. d4 cxd4 3. c3 dxc3 4. Nxc3 e6 5. Bc4 Nc6 6. Nf3 Qc7 7. O-O
Nf6 8. Qe2 Ng4 9. Bb3 Nd4 {a teď se bílý zeptal "Proč mi dáváte jezdce?
Nechcete to vrátit". Černá odpověděla "Tak si ho vemte". A stalo se
ještě:} 10. Nxd4 Qxh2# 0-1

[Event "Pasci srpen"]
[Site "?"]
[Date "2022.08.06"]
[Round "15"]
[White "Svobodova, Michaela"]
[Black "Kucera, David"]
[Result "0-1"]
[WhiteElo "1905"]
[BlackElo "1670"]
[PlyCount "48"]
[EventDate "2022.??.??"]

{[%evp 0,48,15,27,46,29,30,24,-10,-7,-1,-4,13,13,-4,-10,20,38,29,18,22,43,16,
21,105,21,145,19,81,78,77,60,67,61,33,-7,18,-125,-137,-142,-140,-219,-192,-259,
-201,-198,-167,-905,-930,-920,-959]} 1. e4 e6 2. d4 d5 3. Bd3 dxe4 4. Bxe4 Nf6
5. Bf3 c5 6. Ne2 Nc6 7. Be3 cxd4 8. Nxd4 Ne5 9. O-O Nxf3+ 10. Qxf3 Be7 11. Rd1
Qa5 12. Nc3 a6 13. Nb3 Qh5 14. Qxh5 Nxh5 15. Ne4 O-O 16. Nd6 Nf6 17. Nc5 b5 18.
Kf1 Nd5 19. Nxc8 Rfxc8 20. Nd7 Rxc2 21. Rac1 Rac8 22. Rxc2 Rxc2 23. Rc1 Nxe3+
24. fxe3 Rxc1+ 0-1

[Event "Pasci srpen"]
[Site "?"]
[Date "2022.08.06"]
[Round "10"]
[White "Sipek, Michal"]
[Black "Zeman, Arnost"]
[Result "0-1"]
[WhiteElo "1991"]
[BlackElo "1703"]
[PlyCount "78"]
[EventDate "2022.??.??"]

{[%evp 0,78,19,27,65,18,15,15,22,22,40,23,35,-24,-18,-26,-26,-24,-12,-11,1,10,
4,7,36,23,27,-15,42,27,22,12,-8,-19,-5,-37,-30,-48,-61,-144,-138,-143,-121,-87,
-81,-93,-41,-63,-41,-84,-57,-46,-41,-53,-62,-57,-67,-65,-60,-98,-57,-57,-60,
-54,-42,-44,0,-399,-407,-393,-410,-423,-417,-467,-421,-467,-424,-477,-445,-956,
-964]} 1. Nf3 g6 2. g3 Bg7 3. Bg2 d5 4. d4 c5 5. c3 Nc6 6. e3 cxd4 7. cxd4 Nf6
8. Nc3 O-O 9. O-O Bg4 10. h3 Bd7 11. Ne5 Be8 12. a3 e6 13. Nxc6 bxc6 14. b4 a5
15. bxa5 Qxa5 16. Bd2 Qa7 17. Qe2 Bd7 18. Rfc1 Rfc8 19. Nb1 c5 20. dxc5 Rxc5
21. Rxc5 Qxc5 22. Bb4 Qb5 23. Qxb5 Bxb5 24. Ra2 Bd3 25. Nd2 Nd7 26. e4 Nb6 27.
exd5 Nxd5 28. Bxd5 exd5 29. Nf3 Bc4 30. Rd2 Re8 31. Nd4 Re1+ 32. Kg2 Re4 {[#]}
33. a4 $4 Rxd4 34. Rc2 Rd1 35. a5 Ra1 36. Rd2 Be5 37. h4 h5 38. Kf3 Bc7 39. Bc3
Ra3 0-1

[Event "Pasci srpen"]
[Site "?"]
[Date "2022.08.06"]
[Round "14"]
[White "Bures, Vit"]
[Black "Rousar, Zdenek"]
[Result "1-0"]
[WhiteElo "2079"]
[BlackElo "1710"]
[PlyCount "57"]
[EventDate "2022.??.??"]

{[%evp 0,57,19,31,63,21,69,53,89,75,75,47,85,56,56,56,56,62,62,61,55,60,71,75,
81,-8,0,0,0,-38,-11,-7,32,20,16,15,-11,-147,-45,-45,-46,-45,-37,-23,54,39,148,
151,158,157,157,176,180,186,691,675,898,899,1474,1567]} 1. d4 c6 2. c4 g6 3.
Nc3 d6 4. e4 Bg7 5. Nf3 Nf6 6. Be2 Bg4 7. O-O O-O 8. Be3 Nbd7 9. Rc1 a5 10. h3
Bxf3 11. Bxf3 e5 12. Be2 exd4 13. Bxd4 Re8 14. f3 Nh5 15. Bxg7 Nxg7 16. Qxd6
Qb6+ 17. Kh1 Rad8 18. Qa3 Nh5 19. Rfe1 Ng3+ 20. Kh2 Qf2 21. Qxa5 Ne5 22. Nd1
Nxf3+ 23. Bxf3 Nf1+ 24. Rxf1 Qxf1 25. Qc3 Rd7 26. Ne3 Qf2 27. Ng4 Qh4 28. Nf6+
Kf8 29. Nxd7+ {(Bureš)} 1-0

[Event "Pasci srpen"]
[Site "?"]
[Date "2022.08.06"]
[Round "10"]
[White "Urbanec, Ladislav"]
[Black "Bures, Vit"]
[Result "1-0"]
[WhiteElo "2053"]
[BlackElo "2079"]
[PlyCount "55"]
[EventDate "2022.??.??"]

{[%evp 0,55,28,-11,0,-22,19,19,24,24,40,48,48,41,44,-9,-8,-24,49,33,33,-38,-25,
-28,-28,-28,-28,-65,-51,-45,-35,-29,-25,-36,-34,-36,20,9,157,137,257,265,290,
289,289,228,228,226,226,226,226,237,240,222,293,305,384,393]} 1. c4 Nf6 2. Nc3
c5 3. Nf3 e6 4. e4 d5 5. cxd5 exd5 6. e5 Nfd7 7. Nxd5 Nxe5 8. Bb5+ Nbc6 9. Nxe5
Qxd5 10. Qe2 Be6 11. O-O Bd6 12. Nxc6 bxc6 13. Ba4 O-O 14. d3 Rfe8 15. Re1 h6
16. Bd2 Bd7 17. Be3 Bf4 18. Bb3 Qe5 19. Qf3 Bxe3 20. Bxf7+ Kh8 21. Bxe8 Rxe8
22. Rxe3 Qxb2 23. Rxe8+ Bxe8 24. Re1 Bg6 25. Qf8+ Kh7 26. Qxc5 Bxd3 27. Qxa7
Qc3 28. Qe3 {a bílý vyhrál. Bureš.} 1-0

[Event "Pasci srpen"]
[Site "?"]
[Date "2022.08.06"]
[Round "11"]
[White "Vojtek, Pavel"]
[Black "Bures, Vit"]
[Result "0-1"]
[WhiteElo "2079"]
[BlackElo "1711"]
[PlyCount "30"]
[EventDate "2022.??.??"]

{[%evp 0,30,28,-22,5,-40,-6,-9,-7,-22,-11,-63,-42,-39,-22,-45,-8,-23,-23,-22,6,
-34,-57,-44,18,-67,-7,-77,-41,-181,-191,-632,-617]} 1. c4 Nf6 2. g3 c6 3. Bg2
d5 4. cxd5 cxd5 5. e3 e5 6. Ne2 Nc6 7. O-O Bd6 8. d4 e4 9. Nbc3 h5 10. a3 h4
11. Bd2 hxg3 12. hxg3 Bh3 13. Nb5 Bb8 14. Rc1 Qd7 15. Nf4 Bxf4 {(Bureš)} 0-1

[Event "Pasci srpen"]
[Site "?"]
[Date "2022.08.06"]
[Round "11"]
[White "Bures, Vit"]
[Black "Kucera, David"]
[Result "1-0"]
[WhiteElo "2079"]
[BlackElo "1670"]
[PlyCount "33"]
[EventDate "2022.??.??"]

{[%evp 0,33,28,30,75,73,58,64,71,0,13,-12,-12,-16,22,21,26,29,33,27,27,10,54,
54,69,38,36,23,60,-1,-2,-9,-29,-41,348,368]} 1. d4 f5 2. Nc3 Nf6 3. Bg5 d5 4.
f3 Nc6 5. Qd2 e6 6. e3 Bb4 7. a3 Bxc3 8. Qxc3 h6 9. Bh4 O-O 10. O-O-O Ne7 11.
Bd3 b6 12. Ne2 Bb7 13. Nf4 Qd6 14. Bxf6 Rxf6 15. g4 c5 16. Nh5 Rff8 $4 17. dxc5
{(Bureš)} 1-0